| 000 | 00473nam a22001577a 4500 | ||
|---|---|---|---|
| 008 | 151201b xxu||||| |||| 00| 0 eng d | ||
| 020 | _a978-93-5115-229-3 | ||
| 082 |
_22014 _aDC 005.1 _bC73 |
||
| 245 | _aComputer programming. | ||
| 260 |
_aUAE: _b3G Elearning FZ LLC, _cc2014. |
||
| 300 |
_avi, 300 pages: _billustrations; _c23 cm. _eDVD |
||
| 500 | _aIncludes bibliography. | ||
| 650 | 0 |
_94497 _aComputer programming |
|
| 650 | 0 |
_94498 _aProgramming languages |
|
| 942 |
_2ddc _cDC |
||
| 999 |
_c332 _d332 |
||